000
00328nam a22001577a 4500
003
SGT
082
_a
611
_b
H15S
100
_a
SINGH, INDERBIR
245
_a
HUMAN EMBRYOLOGY
250
_a
10TH
260
_a
DELHI
_b
JAYPEE BROTHERS
_c
2015
300
_a
384
650
_a
HOMOEOPATHIC
653
_a
EMBRYOLOGY
942
_2
ddc
_c
BK
999
_c
18210
_d
18210